Statistics for Ben 10

Click here to take the quiz!

General Stats

  • This quiz has been taken 36 times
  • The average score is 10 of 15

Answer Stats

Answer% Correct
Four Arms
89%
Cannonbolt
82%
Grey Matter
82%
Heatblast
82%
Stinkfly
75%
Wildvine
75%
XLR8
75%
Diamondhead
71%
Upgrade
71%
Overflow
54%
Rath
54%
Shockrock
50%
Gax
43%
Humungosaur
43%
Slapback
43%

Score Distribution

Percentile by Number Answered

Percent of People with Each Score

Your Score History

You have not taken this quiz